[Event "Speed Chess (Women) Q5"]
[Site "Chess.com INT"]
[Date "2020.06.22"]
[Round "6"]
[White "Vijayalakshmi, Subbaraman"]
[Black "Antolak, Julia"]
[Result "0-1"]
[WhiteElo "2332"]
[BlackElo "2323"]
[PlyCount "68"]
[EventDate "2020.06.22"]
[EventType "swiss (blitz)"]
[EventRounds "13"]
[EventCountry "USA"]
[SourceTitle "CBM 196 Extra"]
[Source "ChessBase"]
[SourceDate "2020.07.31"]
[SourceVersion "1"]
[SourceVersionDate "2020.07.31"]
[SourceQuality "1"]

1. Nf3 g6 2. g3 Bg7 3. Bg2 Nf6 4. 0-0 0-0 5. d4 d6 6. c4 Nc6 7. b3 Bg4 8. Bb2 e5 9. d5 Ne7 10. h3 Bc8 11. Ne1 a5 12. a3 Nd7 13. Qc2 f5 14. Nc3 Nb6 15. Nd3 Bd7 16. c5 Nbc8 17. b4 c6 18. Rad1 cxd5 19. Nxd5 Bc6 20. Nxe7+ Qxe7 21. Bxc6 bxc6 22. cxd6 Nxd6 23. Qxc6 Nf7 24. Nc5 Rac8 25. Qd7 Qf6 26. Ne6 Rfe8 27. Nxg7 Kxg7 28. bxa5 Rcd8 29. Qa4 Rb8 30. Bc3 Ng5 31. h4 Ne4 32. Ba1 g5 33. hxg5 Qxg5 34. Kg2 Kh8 0-1

[Event "Speed Chess (Women) Q4"]
[Site "Chess.com INT"]
[Date "2020.06.21"]
[Round "4"]
[White "Ismayil, Malak"]
[Black "Vijayalakshmi, Subbaraman"]
[Result "0-1"]
[WhiteElo "1997"]
[BlackElo "2332"]
[PlyCount "84"]
[EventDate "2020.06.21"]
[EventType "swiss (blitz)"]
[EventRounds "9"]
[EventCountry "USA"]
[SourceTitle "CBM 196 Extra"]
[Source "ChessBase"]
[SourceDate "2020.07.31"]
[SourceVersion "1"]
[SourceVersionDate "2020.07.31"]
[SourceQuality "1"]

1. e4 e5 2. Nf3 Nc6 3. Bc4 Bc5 4. c3 Nf6 5. d4 exd4 6. e5 Ne4 7. Bd5 Nxf2 8. Kxf2 dxc3+ 9. Kf1 cxb2 10. Bxb2 0-0 11. Nbd2 d6 12. Qc2 Nb4 13. Qb3 Nxd5 14. Qxd5 Be6 15. Qd3 dxe5 16. Qxd8 Raxd8 17. Bxe5 Bb4 18. Bf4 c5 19. Kf2 c4 20. Rhc1 b5 21. a3 Bc5+ 22. Kg3 f6 23. Ne4 Bb6 24. h4 a6 25. Re1 Bc8 26. Nd6 Bd7 27. h5 g5 28. hxg6 hxg6 29. Bh6 Bc7 30. Bxf8 Kxf8 31. Rad1 Bf5 32. Kf2 Rxd6 33. Rc1 Bb6+ 34. Kg3 Rd3 35. a4 c3 36. axb5 axb5 37. Rh1 b4 38. Rh8+ Kg7 39. Rhh1 b3 40. Rb1 b2 41. Kf4 Bc7+ 42. Ne5 Bxe5# 0-1

[Event "Speed Chess (Women) Q4"]
[Site "Chess.com INT"]
[Date "2020.06.21"]
[Round "2"]
[White "Mohota, Nisha"]
[Black "Vijayalakshmi, Subbaraman"]
[Result "0-1"]
[WhiteElo "2195"]
[BlackElo "2332"]
[PlyCount "80"]
[EventDate "2020.06.21"]
[EventType "swiss (blitz)"]
[EventRounds "9"]
[EventCountry "USA"]
[SourceTitle "CBM 196 Extra"]
[Source "ChessBase"]
[SourceDate "2020.07.31"]
[SourceVersion "1"]
[SourceVersionDate "2020.07.31"]
[SourceQuality "1"]

1. e4 e5 2. Nf3 Nc6 3. Bc4 Bc5 4. 0-0 Nf6 5. d3 d6 6. a4 a6 7. c3 Bg4 8. h3 Bh5 9. Be3 Bxe3 10. fxe3 d5 11. exd5 Nxd5 12. Qe2 0-0 13. Nbd2 Kh8 14. e4 Nf4 15. Qe3 Qe7 16. d4 Bxf3 17. Nxf3 Ng6 18. Ng5 f6 19. Ne6 Rfe8 20. d5 Nd8 21. Nc5 Rb8 22. a5 Nf7 23. Be2 Nf4 24. Bg4 Nd6 25. Ne6 Nxe6 26. Bxe6 Nf7 27. h4 Nd8 28. Bf5 Qd6 29. c4 c5 30. Qf3 Nf7 31. Qh5 Nh6 32. Bh3 Re7 33. Rf3 b5 34. cxb5 Rxb5 35. Rf2 Ng8 36. Bf5 Nh6 37. Bh3 Reb7 38. Qe8+ Ng8 39. Be6 Rb8 40. Qh5 Rxb2 0-1

[Event "Speed Chess (Women) Q4"]
[Site "Chess.com INT"]
[Date "2020.06.21"]
[Round "9"]
[White "Vijayalakshmi, Subbaraman"]
[Black "Daulyte Cornette, Deimante"]
[Result "1-0"]
[WhiteElo "2332"]
[BlackElo "2400"]
[PlyCount "73"]
[EventDate "2020.06.21"]
[EventType "swiss (blitz)"]
[EventRounds "9"]
[EventCountry "USA"]
[SourceTitle "CBM 196 Extra"]
[Source "ChessBase"]
[SourceDate "2020.07.31"]
[SourceVersion "1"]
[SourceVersionDate "2020.07.31"]
[SourceQuality "1"]

1. Nf3 Nf6 2. g3 b6 3. Bg2 Bb7 4. 0-0 g6 5. d4 Bg7 6. c4 0-0 7. Nbd2 c5 8. d5 b5 9. e4 bxc4 10. Qc2 e6 11. dxe6 fxe6 12. e5 Ng4 13. Nxc4 Nc6 14. Bf4 Nb4 15. Qe2 Nd5 16. Bg5 Qc7 17. h3 Nh6 18. Nd6 Bc6 19. Nd2 Nf7 20. Nxf7 Rxf7 21. Nc4 Rf5 22. f4 h6 23. Bh4 Bb5 24. Rac1 g5 25. fxg5 Rxe5 26. Qd2 Bxc4 27. Rxc4 Ne3 28. Bxa8 Nxc4 29. Qf4 hxg5 30. Qf7+ Kh7 31. Qh5+ Kg8 32. Bxg5 Qd6 33. Qf7+ Kh8 34. Bf4 Qd4+ 35. Kh1 Re2 36. Qh5+ Kg8 37. Qxe2 1-0

[Event "Speed Chess (Women) Q2"]
[Site "Chess.com INT"]
[Date "2020.06.19"]
[Round "3"]
[White "Daulyte Cornette, Deimante"]
[Black "Vijayalakshmi, Subbaraman"]
[Result "1/2-1/2"]
[WhiteElo "2400"]
[BlackElo "2332"]
[PlyCount "159"]
[EventDate "2020.06.19"]
[EventType "swiss (blitz)"]
[EventRounds "13"]
[EventCountry "USA"]
[SourceTitle "CBM 196 Extra"]
[Source "ChessBase"]
[SourceDate "2020.07.31"]
[SourceVersion "1"]
[SourceVersionDate "2020.07.31"]
[SourceQuality "1"]

1. e4 e5 2. Bc4 Nf6 3. d3 Nc6 4. Nc3 Be7 5. f4 d6 6. Nf3 Na5 7. Bb3 Nxb3 8. axb3 exf4 9. Bxf4 0-0 10. 0-0 d5 11. Qe2 Be6 12. Kh1 Re8 13. Qf2 a6 14. exd5 Nxd5 15. Nxd5 Bxd5 16. Qg3 c6 17. Be5 Bf6 18. Bxf6 Qxf6 19. c3 Re2 20. c4 Bxf3 21. Rxf3 Qxb2 22. Raf1 Re7 23. Qd6 Rae8 24. d4 Qe2 25. h3 Qe6 26. Qg3 h6 27. Qf2 Rd7 28. Qh4 Qe7 29. Qf4 Qe6 30. Qd2 Qe2 31. Qf4 Qe4 32. Qg3 Qxd4 33. Rf4 Qd2 34. Kh2 Qe3 35. Qg4 Qe6 36. Qf3 Rde7 37. Qg3 Qe5 38. Kh1 Rd7 39. Qf3 Ree7 40. Rf5 Qe4 41. Rxf7 Qxf3 42. R7xf3 Kh7 43. Rf8 Rd3 44. b4 Rd4 45. Rc1 Ree4 46. Rf7 Rxc4 47. Rxc4 Rxc4 48. Rxb7 Kg6 49. Rb6 Kf6 50. Rxa6 Ke5 51. Rb6 Kd5 52. Kh2 Rc2 53. Rb7 g5 54. Kg3 Rc4 55. Kf3 Rf4+ 56. Ke3 Kc4 57. Rb6 Rf6 58. b5 Re6+ 59. Kf3 Rf6+ 60. Kg3 Kd5 61. Rxc6 Rf1 62. Rxh6 Ke5 63. Rg6 Kf5 64. Rc6 Rb1 65. b6 Rb3+ 66. Kh2 Rb2 67. Rd6 Rb3 68. Rh6 Kf4 69. h4 gxh4 70. Rxh4+ Kg5 71. Rc4 Rxb6 72. Kh3 Rb3+ 73. g3 Rb2 74. Rc5+ Kg6 75. Kh4 Rb4+ 76. g4 Rb1 77. Rc6+ Kg7 78. Kh5 Rb7 79. g5 Ra7 80. Rd6 1/2-1/2

[Event "Speed Chess (Women) Q2"]
[Site "Chess.com INT"]
[Date "2020.06.19"]
[Round "5"]
[White "Maltsevskaya, Aleksandra"]
[Black "Vijayalakshmi, Subbaraman"]
[Result "1/2-1/2"]
[WhiteElo "2272"]
[BlackElo "2332"]
[PlyCount "141"]
[EventDate "2020.06.19"]
[EventType "swiss (blitz)"]
[EventRounds "13"]
[EventCountry "USA"]
[SourceTitle "CBM 196 Extra"]
[Source "ChessBase"]
[SourceDate "2020.07.31"]
[SourceVersion "1"]
[SourceVersionDate "2020.07.31"]
[SourceQuality "1"]

1. e4 e5 2. Nf3 Nc6 3. Bb5 a6 4. Ba4 Nf6 5. 0-0 Be7 6. Re1 b5 7. Bb3 d6 8. c3 Na5 9. Bc2 c5 10. h3 Qc7 11. d4 Bb7 12. Nbd2 cxd4 13. cxd4 Rc8 14. Bd3 0-0 15. d5 Rb8 16. a4 Bc8 17. axb5 axb5 18. b4 Nc4 19. Qc2 Bd7 20. Nxc4 bxc4 21. Bd2 Rfc8 22. Rec1 Bb5 23. Be3 Rb7 24. Nd2 cxd3 25. Qb2 Qb8 26. Nb3 Rxc1+ 27. Rxc1 Rc7 28. Na5 Rxc1+ 29. Qxc1 Nxe4 30. Nc6 Bxc6 31. dxc6 Bd8 32. b5 Qxb5 33. c7 Bxc7 34. Qxc7 h6 35. Qc8+ Kh7 36. Qf5+ Kg8 37. Qxe4 Qa6 38. Qd5 Kf8 39. Kh2 Ke7 40. f4 f6 41. f5 Kf8 42. Kg3 Qa3 43. Kf3 h5 44. Ke4 Ke7 45. Qxd3 Qxd3+ 46. Kxd3 d5 47. Bc5+ Kf7 48. g4 hxg4 49. hxg4 g6 50. Ke3 Kg7 51. Kf3 Kh6 52. Be3+ Kg7 53. Bd2 Kf7 54. Bb4 Kg7 55. Be7 Kf7 56. Bd8 Kg7 57. g5 gxf5 58. Bxf6+ Kg6 59. Bxe5 Kxg5 60. Bd4 Kg6 61. Bf2 Kf6 62. Bd4+ Kg5 63. Be3+ f4 64. Bxf4+ Kf5 65. Be3 d4 66. Bf2 d3 67. Be3 Ke5 68. Bd2 Kd5 69. Ke3 Kc4 70. Be1 Kb3 71. Kxd3 1/2-1/2

[Event "Speed Chess (Women) Q2"]
[Site "Chess.com INT"]
[Date "2020.06.19"]
[Round "8"]
[White "Vijayalakshmi, Subbaraman"]
[Black "Kashlinskaya, Alina"]
[Result "0-1"]
[WhiteElo "2332"]
[BlackElo "2494"]
[PlyCount "36"]
[EventDate "2020.06.19"]
[EventType "swiss (blitz)"]
[EventRounds "13"]
[EventCountry "USA"]
[SourceTitle "CBM 196 Extra"]
[Source "ChessBase"]
[SourceDate "2020.07.31"]
[SourceVersion "1"]
[SourceVersionDate "2020.07.31"]
[SourceQuality "1"]

1. Nf3 d5 2. d4 Nf6 3. Bf4 c5 4. e3 Nc6 5. Nbd2 Bg4 6. c3 e6 7. Bd3 Qb6 8. Rb1 Be7 9. h3 Bh5 10. 0-0 0-0 11. dxc5 Bxc5 12. b4 Be7 13. a3 e5 14. g4 exf4 15. gxh5 fxe3 16. Nb3 exf2+ 17. Kh1 Nxh5 18. Kg2 Nf4+ 0-1

[Event "Kragero op"]
[Site "Kragero"]
[Date "2020.02.22"]
[Round "8"]
[White "Vijayalakshmi, Subbaraman"]
[Black "Ingebretsen, Jens E"]
[Result "1-0"]
[WhiteElo "2331"]
[BlackElo "2241"]
[PlyCount "91"]
[EventDate "2020.02.19"]
[EventType "swiss"]
[EventRounds "9"]
[EventCountry "NOR"]
[SourceTitle "CBM 195 Extra"]
[Source "ChessBase"]
[SourceDate "2020.05.31"]
[SourceVersion "1"]
[SourceVersionDate "2020.05.31"]
[SourceQuality "1"]

1. d4 Nf6 2. Nf3 e6 3. Bf4 c5 4. e3 Nc6 5. Nbd2 d5 6. c3 Bd6 7. Bg3 0-0 8. Bd3 b6 9. Qe2 Bb7 10. Rd1 Re8 11. Ne5 Qc7 12. f4 Ne7 13. Qf3 a5 14. Bh4 Ng6 15. Bxf6 gxf6 16. Ng4 Qe7 17. f5 exf5 18. Nh6+ Kh8 19. Nxf5 Qc7 20. 0-0 Re6 21. Qh5 cxd4 22. exd4 Rg8 23. Nxd6 Qxd6 24. Rf3 Rg7 25. Rdf1 Qe7 26. Qh6 Bc6 27. Rg3 Qf8 28. Bxg6 fxg6 29. Rxg6 Qg8 30. Rgxf6 Rxg2+ 31. Kh1 Rg6 32. Rxg6 Rxg6 33. Qf4 h6 34. Qe5+ Kh7 35. Qf5 Kh8 36. Nf3 Bb5 37. Ne5 Rg7 38. Re1 Ba6 39. Qh3 Kh7 40. Qf5+ Kh8 41. Qf4 Kh7 42. Nd7 Rxd7 43. Qf5+ Kh8 44. Qxd7 Bd3 45. Qh3 Qg6 46. Qc8+ 1-0

[Event "Kragero op"]
[Site "Kragero"]
[Date "2020.02.19"]
[Round "2"]
[White "Vijayalakshmi, Subbaraman"]
[Black "Vrolijk, Liam"]
[Result "0-1"]
[WhiteElo "2331"]
[BlackElo "2501"]
[PlyCount "62"]
[EventDate "2020.02.19"]
[EventType "swiss"]
[EventRounds "9"]
[EventCountry "NOR"]
[SourceTitle "CBM 195 Extra"]
[Source "ChessBase"]
[SourceDate "2020.05.31"]
[SourceVersion "1"]
[SourceVersionDate "2020.05.31"]
[SourceQuality "1"]

1. d4 g6 2. e4 Bg7 3. Nc3 d6 4. Be3 a6 5. Qd2 b5 6. h4 h6 7. f3 Nd7 8. 0-0-0 Bb7 9. g4 Rc8 10. Nge2 c5 11. Ng3 cxd4 12. Bxd4 Bxd4 13. Qxd4 Ngf6 14. Be2 Qb6 15. Qd2 b4 16. Na4 Qa5 17. b3 Bc6 18. g5 Bxa4 19. bxa4 hxg5 20. hxg5 Rxh1 21. Rxh1 Ng8 22. f4 Qxa4 23. Kb1 Qa3 24. Rh8 Kf8 25. Bxa6 Qxa6 26. Qh2 e6 27. f5 b3 28. axb3 Ra8 29. Qh6+ Ke7 30. f6+ Ndxf6 31. gxf6+ Kd7 0-1

[Event "IND-ch (Women) 46th"]
[Site "Managiri"]
[Date "2019.07.27"]
[Round "11"]
[White "Toshali, V."]
[Black "Vijayalakshmi, Subbaraman"]
[Result "0-1"]
[WhiteElo "1920"]
[BlackElo "2357"]
[PlyCount "92"]
[EventDate "2019.07.19"]
[EventType "swiss"]
[EventRounds "11"]
[EventCountry "IND"]
[SourceTitle "EXT 2020"]
[Source "ChessBase"]
[SourceDate "2019.10.17"]
[SourceVersion "1"]
[SourceVersionDate "2019.10.17"]
[SourceQuality "1"]

1. d4 Nf6 2. Nf3 b6 3. Bf4 Bb7 4. e3 g6 5. Nbd2 Bg7 6. h3 c5 7. c3 0-0 8. Be2 d6 9. 0-0 Nbd7 10. a4 a6 11. Bh2 Re8 12. Qb3 d5 13. Ne5 c4 14. Qc2 b5 15. f4 Nb6 16. a5 Nc8 17. f5 Nd6 18. fxg6 hxg6 19. g4 Nfe4 20. Nxe4 dxe4 21. Bd1 Bd5 22. Qf2 g5 23. h4 f6 24. Ng6 Bf7 25. Ne5 Be6 26. hxg5 fxe5 27. Qh4 Rf8 28. Bc2 exd4 29. Bxd6 d3 30. g6 Rf6 31. Rxf6 Bxf6 32. Qh7+ Kf8 33. Rf1 Qxd6 34. Qh8+ Bg8 35. g7+ Kf7 36. Bd1 Qg3+ 37. Kh1 Ke6 38. Qh5 Bxg7 39. Qg6+ Bf6 40. Qxe4+ Be5 41. Qc6+ Bd6 42. Qe4+ Kd7 43. Qb7+ Bc7 44. Rf4 Qh3+ 45. Kg1 Qxe3+ 46. Rf2 Rf8 0-1

[Event "IND-ch (Women) 46th"]
[Site "Managiri"]
[Date "2019.07.24"]
[Round "8"]
[White "Singh, Neha"]
[Black "Vijayalakshmi, Subbaraman"]
[Result "0-1"]
[WhiteElo "1809"]
[BlackElo "2357"]
[PlyCount "64"]
[EventDate "2019.07.19"]
[EventType "swiss"]
[EventRounds "11"]
[EventCountry "IND"]
[SourceTitle "EXT 2020"]
[Source "ChessBase"]
[SourceDate "2019.10.17"]
[SourceVersion "1"]
[SourceVersionDate "2019.10.17"]
[SourceQuality "1"]

1. e4 e5 2. Nf3 Nc6 3. Bb5 a6 4. Ba4 Nf6 5. Qe2 b5 6. Bb3 d6 7. a4 Rb8 8. axb5 axb5 9. Nc3 Be7 10. h3 0-0 11. Nd5 Nxd5 12. exd5 Nd4 13. Nxd4 exd4 14. 0-0 Bf6 15. d3 Bd7 16. Qf3 Ra8 17. Bd2 Re8 18. Rfe1 Be5 19. Ra5 Rxa5 20. Bxa5 Qg5 21. Rd1 Qh4 22. Re1 g5 23. g4 h5 24. Re4 hxg4 25. hxg4 Bh2+ 26. Kf1 Rxe4 27. Qxe4 Bxg4 28. Bxc7 Be5 29. Ke1 Qh3 30. Bxd6 Bxd6 31. Qxd4 Qf3 32. Kd2 Qe2+ 0-1

[Event "Bangkok Cha Am op 19th"]
[Site "Bangkok"]
[Date "2019.04.14"]
[Round "9"]
[White "Vijayalakshmi, Subbaraman"]
[Black "Arpita, Mukherjee"]
[Result "1-0"]
[WhiteElo "2345"]
[BlackElo "2197"]
[PlyCount "77"]
[EventDate "2019.04.06"]
[EventType "swiss"]
[EventRounds "9"]
[EventCountry "THA"]
[SourceTitle "CBM 189 Extra"]
[Source "ChessBase"]
[SourceDate "2019.06.03"]
[SourceVersion "1"]
[SourceVersionDate "2019.06.03"]
[SourceQuality "1"]

1. d4 Nf6 2. c4 g6 3. g3 Bg7 4. Bg2 0-0 5. Nf3 d6 6. 0-0 Nbd7 7. Nc3 e5 8. e4 c6 9. h3 Qb6 10. Re1 exd4 11. Nxd4 Nc5 12. Rb1 a5 13. Be3 Qc7 14. Qc2 Be6 15. b3 Qe7 16. Rbd1 Bd7 17. Bf4 Rfd8 18. Qd2 Nh5 19. Be3 Nf6 20. Bg5 Re8 21. Nc2 Ne6 22. Bxf6 Qxf6 23. e5 Qf5 24. Ne4 Bxe5 25. Ne3 Qh5 26. Ng4 Kg7 27. Nxe5 dxe5 28. g4 Qh4 29. Qxd7 Nf4 30. Kh2 Rad8 31. Qxb7 h5 32. Rxd8 Rxd8 33. gxh5 Rd3 34. Ng3 Nxh5 35. Nxh5+ gxh5 36. Qb6 Rd4 37. Qxa5 Qxf2 38. Qxe5+ Kh7 39. Qxh5+ 1-0

[Event "Bangkok Cha Am op 19th"]
[Site "Bangkok"]
[Date "2019.04.13"]
[Round "8"]
[White "Damia, Angelo"]
[Black "Vijayalakshmi, Subbaraman"]
[Result "1/2-1/2"]
[WhiteElo "2215"]
[BlackElo "2345"]
[PlyCount "102"]
[EventDate "2019.04.06"]
[EventType "swiss"]
[EventRounds "9"]
[EventCountry "THA"]
[SourceTitle "CBM 189 Extra"]
[Source "ChessBase"]
[SourceDate "2019.06.03"]
[SourceVersion "1"]
[SourceVersionDate "2019.06.03"]
[SourceQuality "1"]

1. e4 c5 2. Nf3 Nc6 3. d4 cxd4 4. Nxd4 e5 5. Nb5 d6 6. N1c3 a6 7. Na3 Nf6 8. Bg5 Be6 9. Nc4 b5 10. Ne3 Be7 11. a4 b4 12. Bxf6 Bxf6 13. Ncd5 Bg5 14. h4 Bxh4 15. Rxh4 Qxh4 16. Nc7+ Kd7 17. Nxa8 Rxa8 18. Qd3 Qd8 19. Rd1 Ke7 20. Nd5+ Bxd5 21. exd5 Nd4 22. Qxh7 Qa5 23. Bd3 Qxd5 24. Qxg7 Ne6 25. Qg4 Rh8 26. Qe4 Qc5 27. Bxa6 Rh1+ 28. Bf1 Nd4 29. Rxd4 Qxd4 30. Qxd4 exd4 31. b3 Ke6 32. a5 Ke5 33. f4+ Kxf4 34. Kf2 f6 35. a6 Rh7 36. g3+ Ke5 37. Kf3 Rc7 38. Bd3 Rc5 39. Kg4 Ra5 40. Kh5 Ra1 41. Kg6 Ke6 42. Bc4+ d5 43. Bd3 Rg1 44. Bf5+ Ke5 45. g4 d3 46. Bxd3 Rxg4+ 47. Kf7 Rg1 48. Bb5 Rh1 49. Kg7 Rg1+ 50. Kf8 Rh1 51. Kg7 Rg1+ 1/2-1/2

[Event "Bangkok Cha Am op 19th"]
[Site "Bangkok"]
[Date "2019.04.06"]
[Round "1"]
[White "Garv, Rai"]
[Black "Vijayalakshmi, Subbaraman"]
[Result "0-1"]
[WhiteElo "1738"]
[BlackElo "2345"]
[PlyCount "122"]
[EventDate "2019.04.06"]
[EventType "swiss"]
[EventRounds "9"]
[EventCountry "THA"]
[SourceTitle "CBM 189 Extra"]
[Source "ChessBase"]
[SourceDate "2019.06.03"]
[SourceVersion "1"]
[SourceVersionDate "2019.06.03"]
[SourceQuality "1"]

1. d4 Nf6 2. Bf4 d5 3. e3 g6 4. Nc3 Bg7 5. h4 c6 6. Bd3 Qb6 7. a3 Nbd7 8. Nf3 h5 9. 0-0 Ng4 10. Na4 Qa5 11. c4 dxc4 12. Bxc4 b5 13. Bxf7+ Kxf7 14. Ng5+ Ke8 15. Qb3 Rf8 16. Ne6 Rf7 17. Nc7+ Kf8 18. Ne6+ Kg8 19. Ng5 Nh6 20. Nc5 Nxc5 21. dxc5 Qa4 22. Qa2 Qc4 23. b3 Qxc5 24. Nxf7 Nxf7 25. Rac1 Qf5 26. Rxc6 e5 27. Bg3 Bb7 28. Rc7 Bd5 29. Qb1 Qe6 30. Rd1 e4 31. Qc1 Ne5 32. Qc5 Nd3 33. Qxb5 a6 34. Qd7 Qxd7 35. Rxd7 Bxb3 36. Rb1 Be6 37. Re7 Bf5 38. Rb8+ Rxb8 39. Bxb8 Bf8 40. Ra7 Nc5 41. Be5 Nd3 42. Bd4 Bxa3 43. Rxa6 Bb4 44. Bf6 Be1 45. Ra2 Be6 46. Re2 Kf7 47. Bg5 Bb3 48. Bf4 Ke6 49. Kf1 Bc3 50. f3 Bc4 51. Kg1 Nxf4 52. Rc2 Bb3 53. Rf2 Nd3 54. Rf1 Bd2 55. fxe4 Bxe3+ 56. Kh2 Ke5 57. Rf3 Kxe4 58. Rf6 Ne5 59. Rf8 Ng4+ 60. Kh1 Bd5 61. Rg8 Bxg8 0-1

[Event "IND-ch (Women) 45th"]
[Site "Jaipur"]
[Date "2018.11.21"]
[Round "6"]
[White "Bhakti, Kulkarni"]
[Black "Vijayalakshmi, Subbaraman"]
[Result "1/2-1/2"]
[WhiteElo "2256"]
[BlackElo "2365"]
[PlyCount "31"]
[EventDate "2018.11.18"]
[EventType "swiss"]
[EventRounds "11"]
[EventCountry "IND"]
[SourceTitle "CBM 187 Extra"]
[Source "ChessBase"]
[SourceDate "2018.11.04"]
[SourceVersion "1"]
[SourceVersionDate "2018.11.04"]
[SourceQuality "1"]

1. d4 d5 2. c4 c6 3. cxd5 cxd5 4. Nf3 Nf6 5. Nc3 Nc6 6. Bf4 Bf5 7. e3 e6 8. Bd3 Bxd3 9. Qxd3 Bd6 10. Bxd6 Qxd6 11. 0-0 0-0 12. Rac1 Rac8 13. Ne2 Ne7 14. Nc3 Nc6 15. Ne2 Ne7 16. Nc3 1/2-1/2

[Event "IND-ch (Women) 45th"]
[Site "Jaipur"]
[Date "2018.11.19"]
[Round "2"]
[White "Tanishka, Kotia"]
[Black "Vijayalakshmi, Subbaraman"]
[Result "0-1"]
[WhiteElo "1951"]
[BlackElo "2365"]
[PlyCount "102"]
[EventDate "2018.11.18"]
[EventType "swiss"]
[EventRounds "11"]
[EventCountry "IND"]
[SourceTitle "CBM 187 Extra"]
[Source "ChessBase"]
[SourceDate "2018.11.04"]
[SourceVersion "1"]
[SourceVersionDate "2018.11.04"]
[SourceQuality "1"]

1. e4 c5 2. c3 d5 3. exd5 Qxd5 4. d4 Nc6 5. Nf3 Bf5 6. Be3 Nf6 7. Qb3 Qxb3 8. axb3 cxd4 9. Nxd4 Nxd4 10. Bxd4 a6 11. Nd2 0-0-0 12. Nc4 Nd7 13. Be2 f6 14. f4 e5 15. fxe5 fxe5 16. Bf2 Nc5 17. b4 Nd3+ 18. Bxd3 Bxd3 19. Nxe5 Bb5 20. Bg3 g6 21. Rd1 Bd6 22. Kf2 Bb8 23. Bf4 Rdf8 24. Ke3 Rxf4 25. Kxf4 Rf8+ 26. Ke4 Re8 27. c4 Bc6+ 28. Kd3 Bxe5 29. Rhe1 Ba4 30. Ra1 Bd7 31. c5 Bf5+ 32. Kc4 Be6+ 33. Kd3 Rd8+ 34. Kc2 Bf5+ 35. Kb3 Rd3+ 36. Kc4 Rd4+ 37. Kb3 Rd3+ 38. Kc4 Rd4+ 39. Kb3 Bxh2 40. Re8+ Kd7 41. Rae1 Kc6 42. Rh1 Rh4 43. Re7 h5 44. Rd1 Re4 45. Rxe4 Bxe4 46. Rd2 Bg3 47. Kc4 h4 48. Re2 Bd5+ 49. Kc3 g5 50. Kd4 g4 51. b5+ axb5 0-1

[Event "Stavanger op"]
[Site "Stavanger"]
[Date "2018.10.13"]
[Round "6"]
[White "Vijayalakshmi, Subbaraman"]
[Black "Quparadze, Giga"]
[Result "0-1"]
[WhiteElo "2359"]
[BlackElo "2495"]
[PlyCount "60"]
[EventDate "2018.10.10"]
[EventType "swiss"]
[EventRounds "9"]
[EventCountry "NOR"]
[SourceTitle "CBM 186 Extra"]
[Source "ChessBase"]
[SourceDate "2018.08.24"]
[SourceVersion "1"]
[SourceVersionDate "2018.08.24"]
[SourceQuality "1"]

1. d4 Nf6 2. c4 e6 3. Nc3 Bb4 4. Qc2 0-0 5. a3 Bxc3+ 6. Qxc3 b6 7. Bg5 Bb7 8. e3 d6 9. f3 Nbd7 10. Bd3 c5 11. Ne2 Rc8 12. Rd1 Ba6 13. Qc2 h6 14. Bf4 d5 15. Qa4 Bxc4 16. Bxc4 dxc4 17. Bd6 Re8 18. dxc5 bxc5 19. e4 e5 20. Qxa7 Rc6 21. Nc3 Qc8 22. f4 exf4 23. 0-0 Ra6 24. Qc7 Qa8 25. Nd5 Rc6 26. e5 Rxc7 27. Nxc7 Qb7 28. exf6 Re2 29. Nd5 Qxb2 30. Nxf4 Rd2 0-1

[Event "Stavanger op"]
[Site "Stavanger"]
[Date "2018.10.12"]
[Round "5"]
[White "Shehzad, Shazil Khan"]
[Black "Vijayalakshmi, Subbaraman"]
[Result "0-1"]
[WhiteElo "2042"]
[BlackElo "2359"]
[PlyCount "116"]
[EventDate "2018.10.10"]
[EventType "swiss"]
[EventRounds "9"]
[EventCountry "NOR"]
[SourceTitle "CBM 186 Extra"]
[Source "ChessBase"]
[SourceDate "2018.08.24"]
[SourceVersion "1"]
[SourceVersionDate "2018.08.24"]
[SourceQuality "1"]

1. e4 c5 2. Nf3 Nc6 3. Bb5 d6 4. e5 Bd7 5. Qe2 a6 6. Bxc6 Bxc6 7. e6 fxe6 8. Qxe6 Bxf3 9. gxf3 Qd7 10. Qe2 Nh6 11. b3 Qh3 12. Qe4 0-0-0 13. Bb2 d5 14. Qe3 d4 15. Qe5 e6 16. Qe4 Bd6 17. Na3 Rhf8 18. 0-0-0 g6 19. Nc4 Bc7 20. Ba3 Rf4 21. Qe2 Qf5 22. Rhe1 Rxf3 23. Qxe6+ Qxe6 24. Rxe6 Rf5 25. Rde1 Ng4 26. Nb6+ Bxb6 27. Rxb6 Kc7 28. Rbe6 a5 29. f3 Nf2 30. Re7+ Rd7 31. R1e6 b5 32. Rxd7+ Kxd7 33. Ra6 b4 34. Bb2 Rxf3 35. Ra7+ Kc6 36. Rxh7 Ne4 37. Kd1 Rf1+ 38. Ke2 Rb1 39. Bxd4 cxd4 40. Kd3 Nd6 41. Kxd4 Rb2 42. Kd3 Rb1 43. h4 Rh1 44. Rg7 Rh3+ 45. Ke2 Rh2+ 46. Kd3 Rh3+ 47. Ke2 Rg3 48. h5 g5 49. h6 Ne4 50. Rg6+ Kd5 51. Ra6 Rh3 52. Rxa5+ Kd4 53. a3 g4 54. axb4 Rh2+ 55. Kd1 Rxd2+ 56. Ke1 Rh2 57. Rf5 Ke3 58. Rf7 g3 0-1

[Event "Oslo op"]
[Site "Oslo"]
[Date "2018.10.07"]
[Round "10"]
[White "Vijayalakshmi, Subbaraman"]
[Black "Sriram, Jha"]
[Result "1/2-1/2"]
[WhiteElo "2359"]
[BlackElo "2402"]
[PlyCount "40"]
[EventDate "2018.09.30"]
[EventType "swiss"]
[EventRounds "10"]
[EventCountry "NOR"]
[SourceTitle "EXT 2020"]
[Source "ChessBase"]
[SourceDate "2019.10.17"]
[SourceVersion "1"]
[SourceVersionDate "2019.10.17"]
[SourceQuality "1"]

1. d4 d5 2. c4 c6 3. Nf3 Nf6 4. cxd5 cxd5 5. Nc3 Nc6 6. Bf4 Bf5 7. e3 e6 8. Bd3 Bxd3 9. Qxd3 Bd6 10. Bxd6 Qxd6 11. 0-0 0-0 12. Rac1 Rac8 13. Ne2 Ne7 14. Rxc8 Rxc8 15. Rc1 Qd8 16. Qd1 Rxc1 17. Qxc1 Qc8 18. Qd1 Qd8 19. Qc1 Qc8 20. Qd1 Qd8 1/2-1/2

[Event "Aurangabad MyBrain op 1st"]
[Site "Aurangabad"]
[Date "2018.04.29"]
[Round "7"]
[White "Krishna Teja, N."]
[Black "Vijayalakshmi, Subbaraman"]
[Result "0-1"]
[WhiteElo "2137"]
[BlackElo "2330"]
[PlyCount "106"]
[EventDate "2018.04.28"]
[EventType "swiss (rapid)"]
[EventRounds "9"]
[EventCountry "IND"]
[SourceTitle "CBM 184 Extra"]
[Source "ChessBase"]
[SourceDate "2018.06.28"]
[SourceVersion "1"]
[SourceVersionDate "2018.06.28"]
[SourceQuality "1"]

1. Nf3 c5 2. c4 Nf6 3. Nc3 Nc6 4. g3 e6 5. Bg2 Be7 6. 0-0 d5 7. cxd5 exd5 8. d4 0-0 9. dxc5 Bxc5 10. Bg5 Be6 11. Rc1 Be7 12. Nd4 Bg4 13. h3 Be6 14. Na4 Rc8 15. a3 Nd7 16. Be3 a6 17. b4 Nde5 18. Nb6 Rb8 19. Kh2 Nxd4 20. Bxd4 Nc6 21. Bc5 Bxc5 22. bxc5 Ne7 23. Qd4 h5 24. Rfd1 Re8 25. Qh4 g6 26. e3 Kh7 27. Qf4 Kg8 28. Rd4 Nf5 29. Nxd5 h4 30. g4 g5 31. Qe5 Bxd5 32. Qxd5 Nxd4 33. Qxd4 Qc7+ 34. Kg1 Qe7 35. Rb1 Red8 36. Qb4 Rdc8 37. Rd1 Rxc5 38. Qb6 Rbc8 39. Rd6 Rc1+ 40. Kh2 Qe5+ 41. f4 gxf4 42. Rd5 Qc7 43. Rg5+ Kf8 44. Qh6+ Ke7 45. Qxh4 Kd7 46. Rd5+ Ke6 47. e4 f3+ 48. e5 Kxd5 49. Bxf3+ Kxe5 50. Qg5+ Ke6+ 51. Kg2 Rc2+ 52. Kf1 Qc4+ 53. Ke1 Qc3+ 0-1